000 00671nam a2200241Ia 4500
003 OSt
005 20221005124649.0
006 a|||||r|||| 00| 0
007 ta
008 221004b |||||||| |||| 00| 0 eng d
024 _a47674
037 _cTextual
040 _aCRL
_cCRL
_beng
041 _2eng
_aeng
082 _aT15p2:N62, K3
110 _aINDIA Education(Ministory of
_9635601
245 0 _aNational seminar on compulsory primary education, Pachmarhi 1962
_b Proceedings
260 _c1963
650 _aEDUCATION
700 _aINDIA Education(Ministory of
_9635602
942 _hT15p2:N62, K3
_cTEXL
_2cc
999 _c1051188
_d1051188